00684nam a22001577a 4500008004000000020001800040050002500058245019000083250001100273260006600284300002800350504003300378651003400411700004300445700003800488131024t mx||||| |||| 00| 0 spa d a978607775106904aKGF2202.U9bU53 200900a¿Una década de reformas indígenas? :bMulticulturalismo y derechos de los pueblos indios en México /cCoordinadores Diódoro Carrasco Altamirano, Moisés Jaime Bailón Corres. a1a ed. aMéxico :bProveedora Gráfica de Oaxaca - Carteles,cc2009 a285 p. :bil. ;c23 cm. aBibliografía : p 275 - 285 72LembaIndígenas de México1 aCarrasco Altamirano, Diódoro, coord.1 aBailón Corres, Moisés, coord.